00708nab a2200205 uc450000100070000000500170000700800410002403500110006503500210007604000130009704100080011010000290011824500580014765000310020565000420023665000170027865000090029565000280030477301700033283659420240817092725.0030808s2002 spa  a836594 a(OCoLC)820071596 ccomduadb aspa10aAsensio, M. I.4auteaut10aModelizacion de la conveccion en incendios forestales 7aIncendios forestales2lemb aModelos matemáticos en ingeniería aConvección aAire aSimulación numérica0 tRevista de la Real Academia de Ciencias Exactas, Físicas y Naturales Serie A : Matemáticas RACSAMgVol. 096, No. 03, 2002, p. 299-313w760124x1578-73030251046